000 00608cam a2200145 4500500
005 20251228073711.0
041 _afre
042 _adc
100 1 0 _aJannot, Jean-René
_eauthor
245 0 0 _aLubtchansky Natacha, Le cavalier tyrrhénien, Représentations étrusques dans l’Italie archaïque (BEFAR, 320), Rome, EFR, 2005, 1 vol. 22 × 28,5, 346 p., 177 fig. ds t.
260 _c2005.
500 _a18
786 0 _nRevue archéologique | 40 | 2 | 2005-09-01 | p. 365zp-437zp | 0035-0737
856 4 1 _uhttps://shs.cairn.info/revue-archeologique-2005-2-page-365zp?lang=fr&redirect-ssocas=7080
999 _c1595744
_d1595744